00936nam a2200229 a 450000100100000000500170001000800410002702000150006804000250008308200200010810000550012824500680018326000440025130000210029550000630031665000280037965000310040704900090043895201180044795201240056599900170068900002246520240412074250.0101011s2003 xxu 000 p spa d a9993404322 aDO-SdBNPbspacBNPHU aRD861.44bR789c1 aRosario Rodríguez, Manuel Aurelio,d1964-94629610aCarnaval de los héroes /cManuel Aurelio Rosario Rodríguez. aNew Jersey :bRobooki Editorial,c2003. a100 p. ;c22 cm. aIncluye datos biográficos del autor en la contracubierta 0aPoesía dominicana966 0aLiteratura dominicana.967 aBNPD 001050718MOaPDbPDcCTd2010-10-11iLF1l0oRD861.44 R789cp22465-10r2020-06-25w2020-06-25y1ZNo se presta 001050718MOaPDbPDcCTd2010-10-11iLF1l0oRD861.44 R789cp22465-20r2020-06-25te. 2w2020-06-25y1ZNo se presta c21963d21963